<?xml version="1.0" encoding="UTF-8"?>
<marc:record xmlns:marc="http://www.loc.gov/MARC21/slim">
   <marc:leader>00000nam a2200000 a 4500</marc:leader>
   <marc:datafield ind1="1" ind2=" " tag="100">
      <marc:subfield code="a">Morris</marc:subfield>
   </marc:datafield>
   <marc:datafield ind1="1" ind2=" " tag="100">
      <marc:subfield code="a">Goscinny, René</marc:subfield>
   </marc:datafield>
   <marc:datafield ind1=" " ind2=" " tag="653">
      <marc:subfield code="a">Western</marc:subfield>
   </marc:datafield>
   <marc:datafield ind1="0" ind2="0" tag="245">
      <marc:subfield code="a">Lucky Luke - Die Klassiker DVD 6</marc:subfield>
   </marc:datafield>
   <marc:datafield ind1=" " ind2="1" tag="264">
      <marc:subfield code="b">STUDIOCANAL GmbH</marc:subfield>
      <marc:subfield code="c">2021</marc:subfield>
   </marc:datafield>
   <marc:datafield ind1="1" ind2=" " tag="490">
      <marc:subfield code="a">Lucky Luke</marc:subfield>
      <marc:subfield code="v">DVD 4</marc:subfield>
   </marc:datafield>
   <marc:datafield ind1="1" ind2=" " tag="520">
      <marc:subfield code="a">Weite Ebenen, raue Sitten, harte Kerle - das ist der Wilde Westen. Fiese Schurken gefährden den Frieden der braven Leute. Zum Glück gibt es da einen tapferen Cowboy, der schneller schießt als sein Schatten. Lucky Luke. Mit Hilfe seines treuen Gefährten Jolly Jumper ist er der Schrecken aller Halunken. Doch die gefürchteten Dalton-Brüder hecken ständig neue, gemeine Pläne aus. Und so wird der clevere Gesetzeshüter immer wieder auf eine harte Probe gestellt.&#xD;
&#xD;
Folgen:&#xD;
8. Die Gesetzlosen&#xD;
9. Schienen durch die Prärie&#xD;
10. Phil Defer&#xD;
11. Doktor Doxey&#xD;
12. Der Grossfürst&#xD;
13. Billy the Kid&#xD;
14. Im Schatten der Bohrtürme&#xD;
&#xD;
FSK. ab 6 freigegeben</marc:subfield>
   </marc:datafield>
   <marc:datafield ind1="3" ind2=" " tag="024">
      <marc:subfield code="a">4006680099408</marc:subfield>
   </marc:datafield>
   <marc:datafield ind1=" " ind2=" " tag="041">
      <marc:subfield code="a">ger</marc:subfield>
   </marc:datafield>
   <marc:datafield ind1=" " ind2=" " tag="338">
      <marc:subfield code="a">Videodisk</marc:subfield>
   </marc:datafield>
   <marc:datafield ind1=" " ind2=" " tag="300">
      <marc:subfield code="a">1 DVD</marc:subfield>
   </marc:datafield>
</marc:record>
